000 01286nam a22002657a 4500
005 20170124102948.0
010 _aA-737178
020 _c51.00
_a8123712405
035 _aA-737178
037 _bCen Lib/Ret
040 _aDPL
_bHN
082 _a822
_bआठअ
245 _aआठ असमिया एकांकी और पियली फुकन /
_cसम्पादक प्रफुल्ल दत्त गोस्वामी ; अनुवादक नवारुण वर्मा
246 _aAth asmiya ekanki aur piyli fukan /
_bedited by Prafull Dutt Goswami ; translated by Navarun Verma
260 _aनयी दिल्ली
_bनेशनल बुक ट्रस्ट
_c1995
270 _bनयी दिल्ली
_aए-5, ग्रीन पार्क
_e110016
300 _a268पृ.
_c20सेमी (सजिल्द)
650 _aहिन्दी -- साहित्य
_950524
650 _aहिन्दी -- नाटक
_91413
650 _aHindi -- literature
_950525
650 _aHindi - Play
_950526
700 _aगोस्वामी, प्रफुल्ल दत्त
_950527
700 _aवर्मा, नवारुण
_950528
942 _2ddc
_cHN
_h822
_mआठअ
999 _c113081
_d113081